BIBLIOTECA

SENCICO

Democracia en la empresa : (Registro nro. 236)

Detalles MARC
000 -LEADER
fixed length control field 01063nam a2200241Ia 4500
003 - CONTROL NUMBER IDENTIFIER
control field PE SENCICO BE
005 - DATE AND TIME OF LATEST TRANSACTION
control field 20251020182430.0
008 - FIXED-LENGTH DATA ELEMENTS--GENERAL INFORMATION
fixed length control field 200515s9999 xx 000 0 und d
020 ## - INTERNATIONAL STANDARD BOOK NUMBER
International Standard Book Number 84-7087-188-9
040 ## - CATALOGING SOURCE
Original cataloging agency PE SENCICO BE
Transcribing agency PE SENCICO BE
041 ## - LANGUAGE CODE
Language code of text/sound track or separate title spa
082 ## - DEWEY DECIMAL CLASSIFICATION NUMBER
Classification number 331.89
Item number G88 1982
100 1# - MAIN ENTRY--PERSONAL NAME
Personal name Guerrero Luque, E.
9 (RLIN) 2560
Relator term autor
245 10 - TITLE STATEMENT
Title Democracia en la empresa :
Remainder of title nuevos planteamientos y sus grandes posibilidades /
Statement of responsibility, etc. E. Guerrero Luque
250 ## - EDITION STATEMENT
Edition statement 2a ed.
260 ## - PUBLICATION, DISTRIBUTION, ETC.
Place of publication, distribution, etc. Zaragoza :
Name of publisher, distributor, etc. Distresa ;
Date of publication, distribution, etc. 1982
300 ## - PHYSICAL DESCRIPTION
Extent 134 p. :
Dimensions 24 cm.
505 0# - FORMATTED CONTENTS NOTE
Formatted contents note Capital y trabajo -- La huelga -- La participación -- Garantías a la participación -- El salario en la participación -- Reparto de beneficios -- Constitución de empresas -- La representación del salario -- Control de las necesidades básicas -- Necesidades básicas -- Otras necesidades básicas. La seguridad social -- El paro obrero
650 10 - SUBJECT ADDED ENTRY--TOPICAL TERM
Topical term or geographic name entry element Negociación colectiva
9 (RLIN) 2529
650 20 - SUBJECT ADDED ENTRY--TOPICAL TERM
Topical term or geographic name entry element Beneficios sociales
9 (RLIN) 2561
650 20 - SUBJECT ADDED ENTRY--TOPICAL TERM
Topical term or geographic name entry element Derecho laboral
9 (RLIN) 2526
942 ## - ADDED ENTRY ELEMENTS (KOHA)
Koha item type Libros
Source of classification or shelving scheme Dewey Decimal Classification
Existencias
Fecha de la última vez que lo usaron Número de ingreso o de inventario Pago total Signatura topográfica completa Código de barras Precio efectivo desde Tipo de documento Estado perdido Sistema de clasificación Estado dañado No es para préstamo Retirado Ubicación permanente Ubicación actual Fecha de adquisición
15/05/2020 4882   331.89/G88/1982 BibLima24080033 15/05/2020 Libros   Dewey Decimal Classification       Biblioteca Central Lima Biblioteca Central Lima 15/05/2020